000 01680nam a22004337a 4500
001 0040975
003 KOHA_MİRAKIL
005 20260207003220.0
007 ta
008 130730b2013 tu |||gr||||#||||1|tur |
020 _a9786053605355
040 _aTR-BiSEU
_btur
_cTR-BiSEU
_erda
041 0 _atur
044 _ctu
050 _aPR2827.A2
_bB57 2013
100 1 _aShakespeare, William.
245 1 _aBir yaz gecesi rüyası/
_cWilliam Shakespeare ; William Shakespeare ; İngilizce aslından çeviren Özdemir Nutku.
250 _a3. basım
264 1 _aİstanbul :
_bTürkiye İş Bankası Kültür Yayınları
_c2013
300 _a95 sayfa ;
_c20 cm.
336 _ametin
_btxt
_2rdacontent
337 _aaracısız
_bn
_2rdamedia
338 _acilt
_bnc
_2rdacarrier
490 1 _aTürkiye İş Bankası Kültür Yayınları ;
_vgenel yayın 2480.
490 1 _a Hasan Ali Yücel Klasikler Dizisi.
490 1 _aTürkiye İş Bankası Kültür Yayınları ;
_vgenel yayın 2480.
490 1 _a William Shakespeare Bütün Eserleri ;
_v21.
650 0 _aHippolyta (Greek mythology)--Drama.
_975992
650 0 _aTheseus (Greek mythology)--Drama.
_975993
650 0 _aAthens (Greece)--Drama.
_975994
650 0 _aEnglish drama.
_97777
650 0 _aEnglish drama--Translations into Turkish.
_975472
650 0 _aDrama.
_932503
830 1 _aTürkiye İş Bankası Kültür Yayınları ;
_vgenel yayın 2480.
_97015
830 1 _a Hasan Ali Yücel Klasikler Dizisi.
_975995
830 1 _aTürkiye İş Bankası Kültür Yayınları ;
_vgenel yayın 2480.
_97015
830 1 _a William Shakespeare Bütün Eserleri ;
_v21.
_975996
942 _2lcc
_cBK
999 _c40839
_d40839